000
00230nam a22000857a 4500
008
170601b xxu||||| |||| 00| 0 eng d
100
_9
3197
_a
Children's Book Trust
245
_a
Shout Stories for Children
260
_a
New Delhi
_b
CBT
_c
1982
999
_c
6509
_d
6509